[Event "European Youth Chess Championship G14"]
[Site "Prague, Top Hotel Prague"]
[Date "2012.08.20"]
[Round "4.9"]
[White "Roklicer, Heike"]
[Black "Bluhm, Sonja Maria"]
[Result "1/2-1/2"]
[WhiteElo "1743"]
[BlackElo "1977"]
[PlyCount "0"]
[EventDate "2012.08.17"]

1. d4 {[%clk 1:30:57]} Nf6 {[%clk 1:30:51]} 2. c4 {[%clk 1:31:15]} g6
{[%clk 1:31:13]} 3. Nc3 {[%clk 1:31:32]} Bg7 {[%clk 1:31:33]} 4. e4
{[%clk 1:31:48]} d6 {[%clk 1:31:46]} 5. Nf3 {[%clk 1:32:05]} O-O {[%clk 1:31:41]}
6. Be3 {[%clk 1:32:20]} Nbd7 {[%clk 1:26:56]} 7. h3 {[%clk 1:32:00]} e5
{[%clk 1:26:27]} 8. d5 {[%clk 1:30:27]} a5 {[%clk 1:22:30]} 9. a3
{[%clk 1:23:34]} Nc5 {[%clk 1:08:02]} 10. Nd2 {[%clk 1:22:10]} Nfd7
{[%clk 1:06:35]} 11. g4 {[%clk 1:20:55]} a4 {[%clk 1:04:31]} 12. h4
{[%clk 1:15:36]} f5 {[%clk 0:51:22]} 13. gxf5 {[%clk 1:15:26]} gxf5
{[%clk 0:51:43]} 14. Qe2 {[%clk 1:07:07]} c6 {[%clk 0:39:02]} 15. h5
{[%clk 1:02:00]} h6 {[%clk 0:36:41]} 16. Bh3 {[%clk 0:57:15]} cxd5
{[%clk 0:30:25]} 17. cxd5 {[%clk 0:54:39]} f4 {[%clk 0:27:46]} 18. Bxc5
{[%clk 0:54:38]} Nxc5 {[%clk 0:28:11]} 19. Bxc8 {[%clk 0:55:00]} Rxc8
{[%clk 0:25:40]} 20. O-O-O {[%clk 0:49:48]} b5 {[%clk 0:24:14]} 21. Rdg1
{[%clk 0:35:48]} f3 {[%clk 0:17:01]} 22. Qe3 {[%clk 0:34:14]} Rf4
{[%clk 0:16:54]} 23. Rh3 {[%clk 0:32:49]} Qf8 {[%clk 0:15:29]} 24. Rgg3
{[%clk 0:32:15]} Na6 {[%clk 0:14:03]} 25. Kd1 {[%clk 0:27:43]} b4
{[%clk 0:12:54]} 26. axb4 {[%clk 0:28:06]} Nxb4 {[%clk 0:13:22]} 27. Ndb1
{[%clk 0:22:44]} Rc4 {[%clk 0:11:26]} 28. Qa7 {[%clk 0:17:37]} Rd4+
{[%clk 0:10:40]} 29. Ke1 {[%clk 0:16:45]} Rfxe4+ {[%clk 0:09:10]} 30. Kf1
{[%clk 0:16:02]} Rf4 {[%clk 0:07:37]} 31. Kg1 {[%clk 0:15:58]} Nxd5
{[%clk 0:06:14]} 32. Nxd5 {[%clk 0:15:23]} Rxd5 {[%clk 0:06:30]} 33. Nc3
{[%clk 0:15:46]} Rdd4 {[%clk 0:06:15]} 34. Qd7 {[%clk 0:12:47]} Rf7
{[%clk 0:03:29]} 35. Qe6 {[%clk 0:12:52]} Kh8 {[%clk 0:03:58]} 36. Nd5
{[%clk 0:11:25]} Rc4 {[%clk 0:03:28]} 37. Ne3 {[%clk 0:11:31]} Rc8
{[%clk 0:03:36]} 38. Rg6 {[%clk 0:08:28]} Rf6 {[%clk 0:03:14]} 39. Rxf6
{[%clk 0:08:49]} Rc1+ {[%clk 0:03:25]} 40. Kh2 {[%clk 0:38:59]} Qxf6
{[%clk 0:32:50]} 41. Qe8+ {[%clk 0:31:05]} Kh7 {[%clk 0:28:58]} 42. Qxa4
{[%clk 0:28:43]} Qf4+ {[%clk 0:09:19]} 43. Qxf4 {[%clk 0:29:05]} exf4
{[%clk 0:09:48]} 44. Nd5 {[%clk 0:29:07]} Bxb2 {[%clk 0:08:34]} 45. Rxf3
{[%clk 0:29:17]} Rc5 {[%clk 0:07:13]} 46. Nxf4 {[%clk 0:24:38]} Be5
{[%clk 0:07:01]} 47. Kh3 {[%clk 0:23:07]} Bxf4 {[%clk 0:07:09]} 48. Rxf4
{[%clk 0:23:33]} Rxh5+ {[%clk 0:07:33]} 49. Kg4 {[%clk 0:23:52]} Rg5+
{[%clk 0:07:38]} 50. Kh4 {[%clk 0:20:41]} Rd5 {[%clk 0:05:15]} 51. Rg4
{[%clk 0:20:17]} Rf5 {[%clk 0:05:01]} 52. f4 {[%clk 0:19:35]} d5 {[%clk 0:04:24]}
53. Kg3 {[%clk 0:19:56]} h5 {[%clk 0:04:41]} 54. Rh4 {[%clk 0:20:18]} Kg6
{[%clk 0:04:52]} 55. Kf3 {[%clk 0:20:34]} Kf6 {[%clk 0:04:26]} 56. Ke3
{[%clk 0:20:21]} Ke6 {[%clk 0:04:49]} 57. Rh1 {[%clk 0:20:30]} Kd6
{[%clk 0:04:21]} 58. Rh2 {[%clk 0:20:44]} Kc5 {[%clk 0:04:17]} 59. Rc2+
{[%clk 0:21:06]} Kd6 {[%clk 0:04:13]} 60. Rh2 {[%clk 0:21:28]} Ke6
{[%clk 0:04:20]} 61. Rh1 {[%clk 0:21:24]} d4+ {[%clk 0:02:40]} 62. Kxd4
{[%clk 0:21:43]} Rxf4+ {[%clk 0:03:05]} 63. Ke3 {[%clk 0:22:04]} Rf5
{[%clk 0:03:26]} 64. Rh4 {[%clk 0:21:41]} Rg5 {[%clk 0:02:52]} 65. Kf3
{[%clk 0:21:27]} Kf5 {[%clk 0:03:06]} 66. Rf4+ {[%clk 0:21:48]} Kg6
{[%clk 0:03:34]} 67. Rf8 {[%clk 0:20:23]} Ra5 {[%clk 0:03:06]} 68. Kg3
{[%clk 0:20:19]} Ra4 {[%clk 0:03:00]} 69. Rg8+ {[%clk 0:19:58]} Kf5
{[%clk 0:03:12]} 70. Rf8+ {[%clk 0:20:22]} Kg5 {[%clk 0:03:28]} 71. Rg8+
{[%clk 0:20:46]} Kh6 {[%clk 0:03:48]} 72. Rh8+ {[%clk 0:21:02]} Kg6
{[%clk 0:04:17]} 73. Rg8+ {[%clk 0:21:22]} Kh7 {[%clk 0:04:40]} 74. Re8
{[%clk 0:21:35]} 1/2-1/2

[Event "European Youth Chess Championship G14"]
[Site "Prague, Top Hotel Prague"]
[Date "2012.08.20"]
[Round "4.10"]
[White "Shahbazyan, Hasmik"]
[Black "Dyakonova, Ekaterina"]
[Result "0-1"]
[WhiteElo "1665"]
[BlackElo "1921"]
[PlyCount "0"]
[EventDate "2012.08.17"]

1. e4 {[%clk 1:30:57]} a6 {[%clk 1:30:56]} 2. d4 {[%clk 1:30:12]} c5
{[%clk 1:31:22]} 3. dxc5 {[%clk 1:21:37]} e6 {[%clk 1:31:47]} 4. Be3
{[%clk 1:19:01]} Qc7 {[%clk 1:31:36]} 5. Nc3 {[%clk 1:17:59]} Bxc5
{[%clk 1:30:42]} 6. Qd2 {[%clk 1:14:39]} Nf6 {[%clk 1:27:45]} 7. h3
{[%clk 1:10:34]} d6 {[%clk 1:22:01]} 8. O-O-O {[%clk 1:05:54]} Nc6
{[%clk 1:12:43]} 9. f4 {[%clk 1:01:24]} Bb4 {[%clk 1:02:18]} 10. Bd3
{[%clk 0:53:11]} d5 {[%clk 0:50:14]} 11. e5 {[%clk 0:41:19]} Nd7 {[%clk 0:49:58]}
12. Nge2 {[%clk 0:36:36]} Nc5 {[%clk 0:40:09]} 13. a3 {[%clk 0:33:37]} Nxd3+
{[%clk 0:40:32]} 14. Qxd3 {[%clk 0:34:00]} Be7 {[%clk 0:39:54]} 15. Na4
{[%clk 0:33:07]} b5 {[%clk 0:36:14]} 16. Nb6 {[%clk 0:30:32]} Rb8
{[%clk 0:35:53]} 17. Nxc8 {[%clk 0:30:46]} Rxc8 {[%clk 0:33:24]} 18. Kb1
{[%clk 0:30:10]} O-O {[%clk 0:31:04]} 19. Rc1 {[%clk 0:29:46]} Qa5
{[%clk 0:26:52]} 20. Nd4 {[%clk 0:27:43]} b4 {[%clk 0:21:08]} 21. Nxc6
{[%clk 0:24:59]} Rxc6 {[%clk 0:21:34]} 22. Bd2 {[%clk 0:23:25]} Rb8
{[%clk 0:20:11]} 23. Rhf1 {[%clk 0:18:46]} Rc3 {[%clk 0:18:09]} 24. Qd4
{[%clk 0:14:18]} Bc5 {[%clk 0:15:17]} 25. axb4 {[%clk 0:13:30]} Bxb4
{[%clk 0:15:40]} 26. Qa7 {[%clk 0:08:56]} Rcc8 {[%clk 0:05:08]} 27. Bxb4
{[%clk 0:08:40]} Rxb4 {[%clk 0:04:32]} 28. Rf3 {[%clk 0:06:51]} Ra4
{[%clk 0:03:44]} 29. c3 {[%clk 0:06:41]} d4 {[%clk 0:02:07]} 30. Qb7
{[%clk 0:06:33]} Rd8 {[%clk 0:02:06]} 31. Qb3 {[%clk 0:02:48]} d3
{[%clk 0:01:56]} 0-1

[Event "European Youth Chess Championship G14"]
[Site "Prague, Top Hotel Prague"]
[Date "2012.08.20"]
[Round "4.11"]
[White "Malassagne, Isabelle"]
[Black "Pychova, Nela"]
[Result "0-1"]
[WhiteElo "1897"]
[BlackElo "1786"]
[PlyCount "140"]
[EventDate "2012.08.17"]

1. d4 d5 2. c4 e6 3. Nc3 Nf6 4. cxd5 exd5 5. Bg5 Be7 6. e3 O-O 7. Nf3 c6 8. Qc2
Nbd7 9. Bd3 Re8 10. O-O-O Nf8 11. h3 b5 12. Ne5 Qb6 13. f4 a5 14. g4 a4 15.
Nxc6 b4 16. Nxa4 Qb7 17. Rhe1 Bd7 18. Nxe7+ Rxe7 19. Nc5 Qa7 20. Bxf6 gxf6 21.
b3 Qxa2 22. Qxa2 Rxa2 23. Rd2 Ra1+ 24. Bb1 Bc6 25. Ra2 Rxa2 26. Bxa2 Ng6 27.
Nd3 Ba8 28. Kb2 Kg7 29. Re2 Bb7 30. f5 Ba6 31. fxg6 Bxd3 32. Re1 fxg6 33. Bb1
Bxb1 34. Kxb1 Re4 35. Kc2 f5 36. gxf5 gxf5 37. Kd3 Kf7 38. Rc1 Rh4 39. Rc5 Ke6
40. Rc6+ Ke7 41. Rb6 Rxh3 42. Rb7+ Kf6 43. Rxb4 f4 44. Rb7 Rxe3+ 45. Kd2 Re7
46. Rb8 Kf5 47. b4 Kg4 48. Rg8+ Kf3 49. Rg5 Ke4 50. Rg4 Rf7 51. b5 Rb7 52. Rh4
Rxb5 53. Rxh7 Kxd4 54. Ke2 Rb3 55. Rd7 Rb1 56. Rd8 f3+ 57. Kxf3 Re1 58. Kf2 Re7
59. Kf1 Kc4 60. Rh8 d4 61. Rc8+ Kd3 62. Rh8 Kd2 63. Rh2+ Kc3 64. Rh8 d3 65. Ra8
Rf7+ 66. Kg2 d2 67. Rc8+ Kb2 68. Rd8 Kc2 69. Rc8+ Kd1 70. Rd8 Rf5 0-1

[Event "European Youth Chess Championship G14"]
[Site "Prague, Top Hotel Prague"]
[Date "2012.08.20"]
[Round "4.12"]
[White "Kasapchuk, Oleksandra"]
[Black "Janska, Jitka"]
[Result "0-1"]
[WhiteElo "1604"]
[BlackElo "1892"]
[PlyCount "66"]
[EventDate "2012.08.17"]

1. e4 e5 2. Nf3 Nc6 3. Bb5 a6 4. Ba4 Nf6 5. d3 b5 6. Bb3 Be7 7. O-O O-O 8. c3
d5 9. exd5 Nxd5 10. Be3 Bg4 11. Bc2 f5 12. b4 Kh8 13. a4 Rb8 14. axb5 axb5 15.
Ra6 Bxf3 16. gxf3 Rf6 17. Kh1 f4 18. Bc5 Bxc5 19. bxc5 Rh6 20. Rg1 Qc8 21. Ra1
Qh3 22. Rg2 b4 23. d4 Nxc3 24. Nxc3 Nxd4 25. Be4 bxc3 26. Rc1 c2 27. Qd3 Rb3
28. Qd2 Rb1 29. Rxb1 cxb1=Q+ 30. Bxb1 Qxh2+ 31. Rxh2 Rxh2+ 32. Kxh2 Nxf3+ 33.
Kh3 Nxd2 0-1

[Event "European Youth Chess Championship G14"]
[Site "Prague, Top Hotel Prague"]
[Date "2012.08.20"]
[Round "4.13"]
[White "Kubosova, Jana"]
[Black "Dadello, Aleksandra"]
[Result "0-1"]
[WhiteElo "1497"]
[BlackElo "1888"]
[PlyCount "86"]
[EventDate "2012.08.17"]

1. d4 d5 2. Bg5 h6 3. Bh4 c6 4. c3 Qb6 5. Qb3 Bf5 6. Nd2 Nd7 7. Ngf3 e6 8. e3
Be7 9. Bg3 Ngf6 10. Be2 O-O 11. O-O Qxb3 12. axb3 Ne4 13. Nxe4 Bxe4 14. Nd2 Bh7
15. c4 Nf6 16. c5 Ne4 17. Nxe4 Bxe4 18. Ra4 f6 19. Rfa1 a6 20. Bc7 Rac8 21. Bd6
Bxd6 22. cxd6 Rcd8 23. Rb4 Rf7 24. Bh5 g6 25. Bg4 Rxd6 26. Be2 g5 27. Bh5 Re7
28. Raa4 Bd3 29. f3 Bb5 30. Ra1 b6 31. Kf2 a5 32. Rxb5 cxb5 33. b4 axb4 34.
Ra8+ Kg7 35. Be8 e5 36. dxe5 fxe5 37. Bxb5 d4 38. exd4 exd4 39. Bd3 Re3 40.
Ra7+ Kf6 41. Bc4 Re7 42. Ra1 d3 43. Bb3 Re2+ 0-1

[Event "European Youth Chess Championship G14"]
[Site "Prague, Top Hotel Prague"]
[Date "2012.08.20"]
[Round "4.14"]
[White "Vidic, Teja"]
[Black "Fuskova, Martina"]
[Result "1-0"]
[WhiteElo "1888"]
[BlackElo "1752"]
[PlyCount "139"]
[EventDate "2012.08.17"]

1. e4 c5 2. c3 d5 3. exd5 Qxd5 4. d4 e6 5. Nf3 Nf6 6. Be3 cxd4 7. cxd4 Bb4+ 8.
Nc3 O-O 9. a3 Bxc3+ 10. bxc3 b6 11. c4 Qd6 12. Be2 Bb7 13. h3 Nbd7 14. O-O Rac8
15. Qb3 Rfd8 16. a4 Qc7 17. Rfc1 Ba6 18. Qa3 Ne4 19. Ra2 Ndf6 20. Ne5 Nd7 21.
a5 Bb7 22. Nxd7 Qxd7 23. axb6 axb6 24. Qb4 b5 25. Rb2 Nd6 26. c5 Nf5 27. Bxb5
Qd5 28. Bf1 Bc6 29. Rd2 Rb8 30. Qc4 Qe4 31. Qc2 Qd5 32. Rb1 Ra8 33. Qc4 Qe4 34.
Qd3 Qd5 35. Rdb2 g6 36. Bg5 Rdc8 37. Bf6 h5 38. f3 Kh7 39. g4 Ng7 40. Bg2 Qd7
41. Bxg7 Kxg7 42. gxh5 gxh5 43. Bf1 Kh8 44. Rg2 Rg8 45. Qe3 Rxg2+ 46. Bxg2 Kh7
47. Qe5 Kg6 48. Rb2 f6 49. Qg3+ Kf7 50. Qh4 Qd5 51. Qe4 Ra1+ 52. Kh2 Qxe4 53.
fxe4 Rd1 54. Rb6 Ba8 55. c6 Rxd4 56. c7 Rc4 57. Rb8 Rxc7 58. Rxa8 Kg6 59. Kg3
Rc5 60. Kh4 f5 61. exf5+ Kxf5 62. Kxh5 Kf4+ 63. Kh4 e5 64. Rf8+ Ke3 65. Rf5
Rc4+ 66. Kg5 e4 67. Re5 Rb4 68. Rxe4+ Rxe4 69. Bxe4 Kxe4 70. h4 1-0

[Event "European Youth Chess Championship G14"]
[Site "Prague, Top Hotel Prague"]
[Date "2012.08.20"]
[Round "4.15"]
[White "Maslova, Polina"]
[Black "Egyed, Viktoria"]
[Result "0-1"]
[WhiteElo "1867"]
[BlackElo "1748"]
[PlyCount "52"]
[EventDate "2012.08.17"]

1. e4 c5 2. Nf3 e6 3. d4 cxd4 4. Nxd4 a6 5. Bd3 Qc7 6. Qe2 d6 7. c4 Nf6 8. O-O
Be7 9. Nc3 O-O 10. f4 Nc6 11. Nf3 b6 12. Kh1 Bb7 13. e5 dxe5 14. fxe5 Nd7 15.
Bf4 Rad8 16. a3 Nc5 17. Bc2 Ba8 18. Ng5 h6 19. Qh5 Bxg5 20. Bxg5 Qxe5 21. h4
Nd4 22. Rae1 Qg3 23. Ne4 Nxe4 24. Bxe4 Bxe4 25. Rxe4 hxg5 26. hxg5 Nf5 0-1

[Event "European Youth Chess Championship G14"]
[Site "Prague, Top Hotel Prague"]
[Date "2012.08.20"]
[Round "4.16"]
[White "Mokshanova, Elizaveta"]
[Black "Edilsultanova, Zalina"]
[Result "1/2-1/2"]
[WhiteElo "1859"]
[BlackElo "1719"]
[PlyCount "118"]
[EventDate "2012.08.17"]

1. e4 c5 2. c3 d5 3. exd5 Qxd5 4. d4 Nf6 5. Nf3 Bg4 6. Be2 e6 7. h3 Bh5 8. O-O
Nc6 9. Be3 cxd4 10. Nxd4 Bxe2 11. Qxe2 Nxd4 12. Bxd4 Be7 13. Rd1 Qc6 14. Nd2
O-O 15. Nf3 Rfd8 16. Ne5 Qc7 17. Rd3 b5 18. Re1 Bf8 19. Rg3 Rd5 20. Qf3 Kh8 21.
Nd3 Nh5 22. Rg5 Rxg5 23. Qxa8 Kg8 24. Re5 Rxe5 25. Nxe5 Nf4 26. Qxa7 Bd6 27.
Qa8+ Bf8 28. Qa7 Bd6 29. Qxc7 Bxc7 30. Kf1 Bxe5 31. Bxe5 Nd3 32. Bd6 Nxb2 33.
Ke2 g5 34. Bc5 f6 35. Kd2 Kf7 36. Kc2 Nc4 37. Kb3 e5 38. Kb4 Ke6 39. Kxb5 Nd2
40. c4 f5 41. Be3 Ne4 42. a4 Nd6+ 43. Kb4 f4 44. Bb6 e4 45. a5 Ne8 46. Bd4 Kd6
47. a6 Kc6 48. a7 Kb7 49. Kc3 Nd6 50. Bc5 Nf5 51. Kd2 Nh4 52. g3 Nf3+ 53. Ke2
Ne5 54. gxf4 gxf4 55. Bd6 f3+ 56. Ke1 Nxc4 57. Bc5 h5 58. h4 Ka8 59. Kd1 Kb7
1/2-1/2

[Event "European Youth Chess Championship G14"]
[Site "Prague, Top Hotel Prague"]
[Date "2012.08.20"]
[Round "4.17"]
[White "Sucikova, Svetlana"]
[Black "Semonaviciute, Agne"]
[Result "1/2-1/2"]
[WhiteElo "1843"]
[BlackElo "1656"]
[PlyCount "89"]
[EventDate "2012.08.17"]

1. c4 e5 2. Nc3 Nc6 3. g3 f5 4. Bg2 Nf6 5. d3 Bc5 6. e3 O-O 7. Nge2 d6 8. O-O
Qe8 9. Nd5 Nxd5 10. Bxd5+ Kh8 11. a3 a5 12. Nc3 Ne7 13. Bg2 c6 14. d4 Bb6 15.
d5 c5 16. e4 f4 17. g4 Ng6 18. f3 Nh4 19. b3 Qg6 20. h3 Bd8 21. Bd2 Rf6 22. Kf2
Qg5 23. Rh1 Kg8 24. Qf1 Rg6 25. Ke2 Bd7 26. a4 Be7 27. Qf2 Rh6 28. Rag1 Kf7 29.
Be1 Rh8 30. Na2 b6 31. Nc1 Rg6 32. Nd3 h5 33. Qxh4 Qxh4 34. Bxh4 Bxh4 35. Ne1
Bxe1 36. Kxe1 hxg4 37. hxg4 Rgh6 38. Kf2 Kg6 39. Rxh6+ Rxh6 40. Rh1 Kg5 41.
Rxh6 gxh6 42. Bf1 h5 43. gxh5 Kxh5 44. Kg2 Kh4 45. Kh2 1/2-1/2

[Event "European Youth Chess Championship G14"]
[Site "Prague, Top Hotel Prague"]
[Date "2012.08.20"]
[Round "4.18"]
[White "Egorova, Ayyyna"]
[Black "Dakhundaridze, Nino"]
[Result "1-0"]
[WhiteElo "1833"]
[BlackElo "1635"]
[PlyCount "73"]
[EventDate "2012.08.17"]

1. e4 e5 2. Nf3 Nc6 3. Bc4 Nf6 4. d4 exd4 5. O-O Be7 6. Nxd4 Nxe4 7. Nf5 O-O 8.
Qg4 Bf6 9. Nh6+ Kh8 10. Nxf7+ Rxf7 11. Bxf7 Nd6 12. Bb3 b6 13. c3 Bb7 14. Bc2
Ne5 15. Qh3 Be4 16. Bxe4 Nxe4 17. Bf4 Nc4 18. Qd3 d5 19. b3 Ne5 20. Bxe5 Bxe5
21. a4 Qd6 22. Qh3 Qf6 23. Ra2 Nxc3 24. Nxc3 Bxc3 25. Qd7 Qd8 26. Qc6 d4 27.
Re2 Rb8 28. Re5 Qc8 29. Re7 a5 30. Rxc7 Qf8 31. f4 h6 32. f5 Qc5 33. Qd7 Qe5
34. f6 Rg8 35. Qe7 Qe3+ 36. Qxe3 dxe3 37. Rxc3 1-0

[Event "European Youth Chess Championship G14"]
[Site "Prague, Top Hotel Prague"]
[Date "2012.08.20"]
[Round "4.19"]
[White "Vasenina, Anna"]
[Black "Bulmaga, Elena"]
[Result "1-0"]
[WhiteElo "1978"]
[BlackElo "1809"]
[PlyCount "99"]
[EventDate "2012.08.17"]

1. e4 c6 2. Nc3 d5 3. Nf3 Bg4 4. h3 Bxf3 5. Qxf3 e6 6. d3 Nf6 7. a3 Be7 8. g4
c5 9. exd5 Nxd5 10. Bg2 Nc6 11. Nxd5 exd5 12. Qxd5 Qxd5 13. Bxd5 Nd4 14. Kd1
O-O-O 15. Ba2 h5 16. Re1 Bh4 17. Rf1 hxg4 18. hxg4 Rhe8 19. Be3 f6 20. b4 Re5
21. c3 Nf3 22. Ke2 Nd4+ 23. Kd2 Nf3+ 24. Kc2 Bg5 25. bxc5 Bxe3 26. fxe3 Rxe3
27. d4 Rde8 28. Bc4 Nh2 29. Rf4 Rg3 30. Kb3 Nxg4 31. Bb5 Ree3 32. Rc1 Nh2 33.
Rh4 Nf3 34. Rh8+ Kc7 35. Kb4 Nd2 36. d5 Re4+ 37. c4 Rb3+ 38. Ka4 Rxb5 39. Kxb5
a6+ 40. Kb4 Re3 41. Rg8 a5+ 42. Ka4 Nb3 43. d6+ Kc6 44. Rc8+ Kd7 45. Rc7+ Kd8
46. Rh1 Nd4 47. Rh8+ Re8 48. Rxe8+ Kxe8 49. Rxg7 f5 50. Rxb7 1-0

[Event "European Youth Chess Championship G14"]
[Site "Prague, Top Hotel Prague"]
[Date "2012.08.20"]
[Round "4.20"]
[White "Hojjatova, Aydan"]
[Black "Keetman, Maaike"]
[Result "1-0"]
[WhiteElo "1920"]
[BlackElo "1802"]
[PlyCount "75"]
[EventDate "2012.08.17"]

1. e4 c5 2. Nc3 e6 3. Nf3 Nc6 4. d4 cxd4 5. Nxd4 Qc7 6. g3 Nf6 7. Bg2 a6 8. O-O
d6 9. Be3 Bd7 10. Nb3 (10. e5) 10... Be7 11. Kh1 O-O 12. f4 Rac8 13. g4 Kh8 14.
g5 Ng8 15. Qh5 Be8 16. f5 exf5 17. Nd5 Qb8 18. exf5 f6 19. Qh4 fxg5 20. Bxg5
Bxg5 21. Qxg5 Bf7 22. f6 g6 23. Ne7 Rc7 24. Rae1 Qd8 25. Nxc6 bxc6 26. Nd4 d5
27. Ne6 Bxe6 28. Rxe6 Rff7 29. Qe5 Rc8 30. Bh3 Qc7 31. Qxc7 Rcxc7 32. Re8 h6
33. Be6 Kh7 34. Bxf7 Rxf7 35. Re6 g5 36. Rxc6 Kg6 37. Rxa6 Nxf6 38. b4 1-0

[Event "European Youth Chess Championship G14"]
[Site "Prague, Top Hotel Prague"]
[Date "2012.08.20"]
[Round "4.21"]
[White "Kahya, Gizem"]
[Black "Gueci, Tea"]
[Result "1/2-1/2"]
[WhiteElo "1705"]
[BlackElo "1917"]
[PlyCount "70"]
[EventDate "2012.08.17"]

1. e4 c5 2. Nf3 d6 3. d4 cxd4 4. Nxd4 Nf6 5. Nc3 a6 6. f3 e5 7. Nb3 Be6 8. Be3
h5 9. Qd2 Nbd7 10. Nd5 Bxd5 11. exd5 Rc8 12. O-O-O Nb6 13. Bxb6 Qxb6 14. Kb1 g6
15. Qe2 Bh6 16. g3 O-O 17. h4 Qe3 18. Qxe3 Bxe3 19. Bh3 Rc7 20. Rhf1 Kg7 21.
Rd3 Bb6 22. Nd2 Re8 23. Ne4 Nxe4 24. fxe4 Rc4 25. Bg2 Rec8 26. c3 Ba7 27. Rdf3
R8c7 28. Rf6 Rd7 29. Bh3 Rdc7 30. Rxd6 Rxe4 31. Rd8 Bb6 32. Rc8 Ba7 33. Rd8 Bb6
34. Rc8 Ba7 35. Rd8 Bb6 1/2-1/2

[Event "European Youth Chess Championship G14"]
[Site "Prague, Top Hotel Prague"]
[Date "2012.08.20"]
[Round "4.22"]
[White "Imanly, Magrura"]
[Black "Santeramo, Alessia"]
[Result "1-0"]
[WhiteElo "1670"]
[BlackElo "1867"]
[PlyCount "53"]
[EventDate "2012.08.17"]

1. e4 c5 2. Nc3 Nc6 3. g3 g6 4. Bg2 Bg7 5. d3 Rb8 6. Be3 b5 7. Rb1 b4 8. Nd5 e6
9. Nf4 Qa5 10. b3 Qxa2 11. Bxc5 Bc3+ 12. Kf1 Nd4 13. Nge2 Nxe2 14. Nxe2 Bg7 15.
d4 Qa6 16. Ra1 Qb5 17. Rxa7 Ba6 18. Bf3 d6 19. Bxd6 Rd8 20. e5 Qb6 21. Rc7 Bb5
22. Qa1 Rb8 23. Ra7 Nh6 24. Re7+ Kd8 25. Bc7+ Kxe7 26. Bxb6 Rxb6 27. Qa7+ 1-0

[Event "European Youth Chess Championship G14"]
[Site "Prague, Top Hotel Prague"]
[Date "2012.08.20"]
[Round "4.23"]
[White "Kyrkjebo, Marte B"]
[Black "Shapar, Tatiana"]
[Result "0-1"]
[WhiteElo "1628"]
[BlackElo "1845"]
[PlyCount "118"]
[EventDate "2012.08.17"]

1. e4 c5 2. Nc3 Nc6 3. g3 g6 4. Bg2 Bg7 5. d3 d6 6. f4 Rb8 7. Nf3 b5 8. O-O b4
9. Ne2 Qb6 10. h3 a5 11. g4 e6 12. Kh1 Nge7 13. Ng3 a4 14. Qe2 O-O 15. e5 d5
16. Be3 Ba6 17. Qd2 Rfd8 18. Rfe1 Na5 19. Qf2 d4 20. Bd2 c4 21. dxc4 Nxc4 22.
b3 Nxd2 23. Qxd2 d3 24. Bf1 dxc2 25. Qxc2 Rbc8 26. Qe4 Bb7 27. Qe2 Rc3 28. Bg2
Rdd3 29. Ne4 Re3 30. Nxc3 Rxe2 31. Nxe2 Nd5 32. Rad1 axb3 33. axb3 Ne3 34. Rd6
Qc5 35. Rc1 Qa5 36. Ned4 Bf8 37. Rd7 Bd5 38. Rdc7 Kg7 39. Kh2 Qa2 40. Rg1 Qf2
41. Rcc1 Bxf3 42. Nxf3 Nxg2 43. Rcf1 Qe2 44. Nd4 Qb2 45. Nxe6+ fxe6 46. Rxg2
Qxb3 47. Rd2 Qc4 48. Rd7+ Kg8 49. Rdd1 b3 50. Rc1 Qe2+ 51. Kg1 b2 52. Rce1 Bc5+
53. Kh1 Qc2 54. Rb1 Qe4+ 55. Kh2 Bf2 56. Rxb2 Qxf4+ 57. Kh1 Qf3+ 58. Kh2 Qg3+
59. Kh1 Qxh3# 0-1

[Event "European Youth Chess Championship G14"]
[Site "Prague, Top Hotel Prague"]
[Date "2012.08.20"]
[Round "4.25"]
[White "Wu, Min"]
[Black "Temel, Burcu Melis"]
[Result "0-1"]
[WhiteElo "1831"]
[BlackElo "1615"]
[PlyCount "70"]
[EventDate "2012.08.17"]

1. e4 c5 2. Nf3 e6 3. d4 cxd4 4. Nxd4 Nf6 5. Bd3 Nc6 6. Nxc6 bxc6 7. O-O d5 8.
Qe2 Qc7 9. Rd1 Bd6 10. exd5 cxd5 11. Bb5+ Bd7 12. Bxd7+ Qxd7 13. c4 O-O 14. Nc3
h6 15. g3 Bc5 16. cxd5 exd5 17. Qf3 Rad8 18. Bxh6 Qh3 19. Na4 Bxf2+ 20. Qxf2
Qxh6 21. Qd4 Rfe8 22. Nc3 Qg5 23. Re1 Ne4 24. Kg2 Qh5 25. Ne2 Rc8 26. Qd3 Nc5
27. Qd2 Ne6 28. Rac1 d4 29. a4 Qd5+ 30. Kg1 Ng5 31. Nf4 Rxe1+ 32. Rxe1 Nf3+ 33.
Kf2 Qc6 34. Qd1 Nxe1 35. Qxe1 Qxa4 0-1

[Event "European Youth Chess Championship G14"]
[Site "Prague, Top Hotel Prague"]
[Date "2012.08.20"]
[Round "4.27"]
[White "Sagadijeva, Anna"]
[Black "Glapa, Anna"]
[Result "1-0"]
[WhiteElo "1890"]
[BlackElo "1594"]
[PlyCount "111"]
[EventDate "2012.08.17"]

1. c4 e6 2. Nc3 d5 3. cxd5 exd5 4. d4 c6 5. Nf3 f5 6. Bf4 Nf6 7. g3 Be7 8. Bg2
O-O 9. O-O Ne4 10. Nd2 Nd7 11. f3 Nxc3 12. bxc3 g5 13. Be3 f4 14. Bf2 fxg3 15.
Bxg3 Nf6 16. e4 Nh5 17. Rb1 Nf4 18. Bxf4 Rxf4 19. Nb3 g4 20. Nc5 Bxc5 21. dxc5
Qe7 22. Qd4 gxf3 23. Rxf3 Rxe4 24. Rg3+ Rg4 25. Rxg4+ Bxg4 26. Qxg4+ Kh8 27.
Qd4+ Kg8 28. Rf1 Re8 29. c4 dxc4 30. Qxc4+ Kh8 31. Rf7 Qe1+ 32. Qf1 Qe3+ 33.
Kh1 Qg5 34. Rf8+ Rxf8 35. Qxf8+ Qg8 36. Qxg8+ Kxg8 37. Kg1 Kf7 38. Kf2 Kf6 39.
Ke3 Ke5 40. Be4 h6 41. h4 Kf6 42. Kf4 Ke6 43. a3 Kf6 44. a4 Ke6 45. a5 a6 46.
Bf3 h5 47. Ke4 Kd7 48. Bxh5 Kc7 49. Bg4 b5 50. cxb6+ Kb7 51. h5 c5 52. h6 c4
53. h7 Kc6 54. h8=Q c3 55. Qxc3+ Kd6 56. Qc7# 1-0

[Event "European Youth Chess Championship G14"]
[Site "Prague, Top Hotel Prague"]
[Date "2012.08.20"]
[Round "4.28"]
[White "Parhomenko, Margarita"]
[Black "Rakic, Teodora"]
[Result "0-1"]
[WhiteElo "1591"]
[BlackElo "1832"]
[PlyCount "120"]
[EventDate "2012.08.17"]

1. Nf3 Nf6 2. b3 g6 3. Bb2 Bg7 4. e3 O-O 5. d4 d6 6. Bd3 Nbd7 7. O-O b6 8. c4
Bb7 9. Nbd2 c5 10. Qc2 Qc7 11. d5 b5 12. Rab1 Rab8 13. e4 bxc4 14. bxc4 Ng4 15.
Bxg7 Kxg7 16. Rb3 Nge5 17. Be2 Nxf3+ 18. Bxf3 Ne5 19. Rfb1 Ba6 20. Qb2 Rxb3 21.
Qxb3 Qa5 22. Qc2 Nxf3+ 23. Nxf3 f6 24. Nd2 Rc8 25. Kf1 Rc7 26. Ke2 Bc8 27. Rb5
Qa6 28. Nb3 Bd7 29. Rb8 e6 30. Nd2 exd5 31. exd5 Bf5 32. Qb3 Re7+ 33. Kd1 Bd7
34. Qc2 Qa5 35. Rb7 Bg4+ 36. f3 Bxf3+ 37. gxf3 Rxb7 38. Nb3 Qa4 39. Qe2 Qd7 40.
Kd2 Qe7 41. Qxe7+ Rxe7 42. Na5 Rd7 43. a4 Kf7 44. Nc6 Rc7 45. Kd3 Ke8 46. a5
Kd7 47. Nb8+ Kc8 48. Nc6 Rxc6 49. dxc6 Kc7 50. Ke4 Kxc6 51. h3 h6 52. h4 h5 53.
a6 d5+ 54. cxd5+ Kd6 55. f4 f5+ 56. Ke3 Kxd5 57. Kd3 c4+ 58. Kc3 Kc5 59. Kc2
Kd4 60. Kd2 c3+ 0-1